Определения Верховного Суда Российской Федерации по делам об оспаривании нормативных правовых актов субъектов Российской Федерации. 2012 (Запись № 9861638)

Подробности
000 -МАРКЕР
контрольное поле 01830nam2a2200265 4500
001 - ИДЕНТИФИКАТОР ЗАПИСИ
контрольное поле RU\NLR\BIBL_A\010012620
005 - ИДЕНТИФИКАТОР ВЕРСИИ
контрольное поле 20260521123017.0
010 ## - МЕЖДУНАРОДНЫЙ СТАНДАРТНЫЙ НОМЕР КНИГИ (ISBN)
Номер (ISBN) 978-5-91768-415-4
010 ## - МЕЖДУНАРОДНЫЙ СТАНДАРТНЫЙ НОМЕР КНИГИ (ISBN)
Номер (ISBN) 978-5-16-009023-8
021 ## - НОМЕР ГОСУДАРСТВЕННОЙ РЕГИСТРАЦИИ
Код страны Российская Федерация
Номер 2013-88119
Номер Листа государственной регистраци 6096
035 ## - ДРУГИЕ СИСТЕМНЫЕ НОМЕРА
Идентификатор записи (NLR Aleph) 010012620
100 ## - ДАННЫЕ ОБЩЕЙ ОБРАБОТКИ
Данные общей обработки 20131210d2013 u y0rusy50 ca
101 0# - ЯЗЫК РЕСУРСА
Язык текста, звукозаписи и т.д. русский
102 ## - СТРАНА ПУБЛИКАЦИИ ИЛИ ПРОИЗВОДСТВА
Страна публикации Российская Федерация
105 ## - ПОЛЕ КОДИРОВАННЫХ ДАННЫХ: ТЕКСТОВЫЕ МАТЕРИАЛЫ, МОНОГРАФИЧЕСКИЕ
Кодированные данные о монографическом текстовом документе y ||z||||||
200 0# - ЗАГЛАВИЕ И СВЕДЕНИЯ ОБ ОТВЕТСТВЕННОСТИ
Основное заглавие 2012
Первые сведения об ответственности [сост.: Людмила Александровна Калинина, к.ю.н., Юлия Сергеевна Бондарева]
210 ## - ПУБЛИКАЦИЯ, РАСПРОСТРАНЕНИЕ И ДР.
Место издания, распространения и т.д. Москва
Имя издателя, распространителя и т. д. Норма
-- ИНФРА-М
Дата издания, распространения и т.д. 2013
215 ## - ФИЗИЧЕСКАЯ ХАРАКТЕРИСТИКА
Специфическое обозначение материала и объем 815 с.
461 #0 - УРОВЕНЬ НАБОРА
Встроенное поле 001RU\NLR\bibl\1439109
-- 2000#$aОпределения Верховного Суда Российской Федерации по делам об оспаривании нормативных правовых актов субъектов Российской Федерации$e[сборник]$fВерховный Суд Российской Федерации$g[сост.: Валентин Николаевич Пирожков и др.]$gотв. ред. pасл. юрист Рос. Федерации, д.ю.н., проф. В.М. Лебедев$v2012
Системный номер (АБИС) связанной записи 1402422
Место публикации Москва
Дата публикации 2009
Первые сведения об ответственности Верховный Суд Российской Федерации
Имя издателя, распространителя и т.д. Норма
Сведения, относящиеся к заглавию [сборник]
Заглавие Определения Верховного Суда Российской Федерации по делам об оспаривании нормативных правовых актов субъектов Российской Федерации
Номер тома 2012
702 #1 - ИМЯ ЛИЦА - ВТОРИЧНАЯ ОТВЕТСТВЕННОСТЬ
Графика поля Кириллица
Материалы, к которым относится поле rus
Начальный элемент ввода Калинина
Часть имени, кроме начального элемента ввода Л. А.
Дополнения к именам, кроме дат канд. юрид. наук
Расширение инициалов личного имени Людмила Александровна
Системный номер авторитетной/нормативной записи 65289
Идентификатор авторитетной/нормативной записи RU\NLR\AUTH\7782361
942 ## - ДОПОЛНИТЕЛЬНЫЕ ЭЛЕМЕНТЫ ЗАПИСИ (АБИС)
Тип экземпляра АБИС Книга
980 ## - КОЛЛЕКЦИЯ
Название коллекции Национальная библиография
Экземпляры
Тип экземпляра Дата поступления Источник поступления Библиотека постоянного хранения Библиотека текущего хранения Место хранения Шифр хранения Штрих-код Статус экземпляра
Книга 10.12.2013 Обязательный экземпляр РНБ (Московский) РНБ (Московский) Русский книжный фонд: издания с 1957 года 2009-5/8702 1-24257  
Книга 10.12.2013 Обязательный экземпляр РНБ (Московский) РНБ (Московский) Русский книжный фонд: издания с 1957 года 2009-5/8702 1-24258